プロ野球スピリッツA【プロスピA】 同一名称の球種を所持する投手名 - Statistics

General Stats
  • This quiz has been taken 84 times
    9 since last reset
  • The average score is 17 of 69
Answer Stats
球団名 登場Series 概要 投手名 % Correct
日本ハム 2015~2025S2 スラーブ 宮西尚生
83%
阪神 2021S2(OB)2023S1 2025S1(TS) SFF 藤川球児
67%
DeNA 2016S2(OB)2017S2(OB) 2018S2(OB) 2020S2(OB) 2021S2(OB) 2022S2(OB) 2023S2(OB) フォーク 佐々木主浩
67%
広島 2015~2017S12018S1(TS) 2018S2 2019S1 2020S1(TS) 2022S1(TS) 2023S1(TS) 2024S1(TS) フォーク 永川勝浩
67%
広島 2019S2(OB)2021S2(OB) 2023S2(OB) ナックルカーブ 外木場義郎
67%
広島 2025S2(OB) パワーカーブ 外木場義郎
67%
楽天 2021S12021S2 2022S2 2024S1 2025S2 高速スライダー(横・斜め) 田中将大
67%
オリックス 20152016S1 2020S1(TS) 2022S1(TS) 2023S1(TS) 2024S1(TS) SFF 金子千尋
67%
オリックス 2017S22018S1 チェンジアップ(上・縦) 金子千尋
67%
西武 2016S2(OB)2018S1(TS) 2020S1(TS) 2022S1(TS) 2025S1(OB) スライダー 西口文也
67%
巨人 2018S12018S2 スライダーSFF 上原浩治
50%
巨人 2019S1 スライダーSFF(縦・斜め) 上原浩治
50%
巨人 2023S2(OB)2025S2 フォーク 上原浩治
50%
阪神 2025S2(OB) フォーク 村山実
50%
ヤクルト 2020S2(OB)2022S2(OB) 2024S2(OB) Dカーブ 金田正一
50%
ソフトバンク 2024S2(OB) シンカー 皆川睦男
50%
楽天 2018S2(OB)2020S2(OB) 2022S2(OB) 2024S2(OB) スライダー 有銘兼久
50%
巨人 2017S1(TS)2020S1(TS) 2022S1(TS) 2025S1(TS) スライダー 内海哲也
33%
DeNA 2023S2(OB) フォーク 牛田成樹
33%
広島 20152016S1 2022S2(OB) 2024S2(OB) ツーシームファスト(上・斜め) 黒田博樹
33%
広島 2019S1 フォーク 床田寛樹
33%
広島 2025S12025S2 カットボール 床田寛樹
33%
ヤクルト 2024S1(TS) 高速スライダー 伊藤智仁
33%
中日 2020S12020S2 2024S1(TS) ツーシームファスト(上・縦) 大野雄大
33%
日本ハム 2017S2(OB)2025S2(OB) カーブ 木田勇
33%
オリックス 2023S2(OB) スラーブ 村田辰美
33%
DeNA 2015~2021S22024S1(TS) ツーシームファスト(上・斜め) 山﨑康晃
17%
DeNA 2021S1~2022S1 チェンジアップ(縦・斜め) 坂本裕哉
17%
広島 2023S1 フォーク 松本竜也
17%
広島 2024S12024S2 ツーシームファスト (上・斜め) 九里亜蓮
17%
ヤクルト 2022S1~2023S2 カットボール(上・横) サイスニード
17%
中日 2015~2017S1 スライダー 又吉克樹
17%
ソフトバンク 2015~2017S1 ナックルカーブ 五十嵐亮太
17%
ソフトバンク 2021S2(OB)2023S1(TS) 2024S1(TS) フォーク 斉藤和巳
17%
ソフトバンク 2023S1~2024S2 カットボール(横・縦) 又吉克樹
17%
日本ハム 2022S12025S2 フォーク(縦・斜め) 達孝太
17%
楽天 20152016S1 スライダー 則本昂大
17%
オリックス 2015~2017S12024S2(OB) SFF 塚原頌平
17%
オリックス 2025S2 スライダー 宮城大弥
17%
西武 2024S12025S1 ツーシームファスト(上・横) 水上由伸
17%
西武 2024S22025S2 スラーブ 髙橋朋己
17%
西武 2025S12025S2 ツーシームファスト(上・斜め) 武内夏暉
17%
阪神 2025S2(OB) 高速スライダー J.スタンリッジ
17%
ロッテ 2017S1 高速スライダー J.スタンリッジ
17%
DeNA 2025S1 カットボール(上・横) R.ウィック
17%
巨人 2015 シュート 高木勇人
0%
巨人 2016S12016S2 2017S2 カットボール 高木勇人
0%
巨人 2016S1 フォーク 小山雄輝
0%
DeNA 2016S12016S2 スライダー 須田幸太
0%
DeNA 2024S2~2025S2 ツーシームファスト(上・斜め) 大貫晋一
0%
広島 2015 縦スライダー 前田健太
0%
広島 2015~2017S1 フォーク 薮田和樹
0%
広島 2019S2 ツーシームファスト (上・横) 野村祐輔
0%
広島 2019S2 スライダー 山口翔
0%
広島 2021S1~2023S1 スライダー ケムナ誠
0%
ヤクルト 2021S1 チェンジアップ 寺島成輝
0%
中日 2016S22017S1 スライダー ジョーダン・ノルベルト
0%
ソフトバンク 2024S12024S2 2025S2 チェンジアップ(縦・斜め) 前田悠伍
0%
日本ハム 2022S1 カーブ 立野和明
0%
ロッテ 2015~2017S12019S1(TS) 2021S1(TS) フォーク 西野勇士
0%
ロッテ 2018S2 フォーク 二木康太
0%
楽天 2017S1 フォーク 小山雄輝
0%
オリックス 2017S12018S1 2020S1 2025S1(TS) スライダー 比嘉幹貴
0%
オリックス 2025S2 チェンジアップ(縦・斜め) 髙島泰都
0%
西武 2015 スライダー 宮田和希
0%
西武 2017S1~2018S2 チェンジアップ(縦・斜め) 小石博孝
0%
西武 2018S12018S2 カットボール 高木勇人
0%
広島 2018S1 縦スライダー L.カンポス
0%
日本ハム 2025S2(OB) スライダー R.グリン
0%
No matching quizzes found
Score Distribution
Percent of People with Each Score
Percentile by Number Answered
Your Score History
You have not taken this quiz since the last reset